কাইয়ুম চৌধুরী = Qayyum Chowdhury / (Record no. 40045)
[ view plain ]
| 000 -LEADER | |
|---|---|
| fixed length control field | 00974nam a2200253 a 4500 |
| 001 - CONTROL NUMBER | |
| control field | 40045 |
| 003 - CONTROL NUMBER IDENTIFIER | |
| rucl marc code | BD-RjUL |
| 005 - DATE AND TIME OF LATEST TRANSACTION | |
| control field | 20211209053126.0 |
| 008 - FIXED-LENGTH DATA ELEMENTS--GENERAL INFORMATION | |
| fixed length control field | 160421s2003 bg a|||| |||| 00| 0 ben d |
| 020 ## - INTERNATIONAL STANDARD BOOK NUMBER | |
| International Standard Book Number | 9845550320 |
| Terms of availability | : Tk. 350.00 |
| 035 ## - SYSTEM CONTROL NUMBER | |
| System control number | (BD-RjUL)40160 |
| 040 ## - CATALOGING SOURCE | |
| Original cataloging agency | BD-RjUL |
| Language of cataloging | ben |
| Transcribing agency | BD-RjUL |
| 041 ## - LANGUAGE CODE | |
| Language code of text/sound track or separate title | ben |
| 082 ## - DEWEY DECIMAL CLASSIFICATION NUMBER | |
| Edition number | 23 |
| Classification number | 709.092 |
| Author mark and year | HOQ 2003 |
| 100 ## - MAIN ENTRY--PERSONAL NAME | |
| Personal name | হক, মফিদুল |
| 9 (RLIN) | 123331 |
| 245 10 - TITLE STATEMENT | |
| Title | কাইয়ুম চৌধুরী = Qayyum Chowdhury / |
| Statement of responsibility, etc. | মফিদুল হক |
| 260 ## - PUBLICATION, DISTRIBUTION, ETC. (IMPRINT) | |
| Place of publication, distribution, etc. | ঢাকা : |
| Name of publisher, distributor, etc. | বাংলাদেশ শিল্পকলা একাডেমী, |
| Date of publication, distribution, etc. | ২০০৩ |
| 300 ## - PHYSICAL DESCRIPTION | |
| Pagination | ৫১ পৃ. ৬৬ প্লেট : |
| Illustrations | চিত্র ; |
| Size | ২৯ সেমি |
| 490 ## - SERIES STATEMENT | |
| Series statement | Art of Bangladesh |
| Volume/sequential designation | 6 |
| 500 ## - GENERAL NOTE | |
| General note | জীবন বৃত্তান্ত সংযুক্ত |
| 650 ## - SUBJECT ADDED ENTRY--TOPICAL TERM | |
| Topical term or geographic name as entry element | চিত্রশিল্পী |
| General subdivision | জীবনী |
| 9 (RLIN) | 121835 |
| Topical term or geographic name as entry element | Painters |
| General subdivision | Biography |
| 9 (RLIN) | 121836 |
| 942 ## - ADDED ENTRY ELEMENTS (KOHA) | |
| Source of classification or shelving scheme | Dewey Decimal Classification |
| Koha item type | Books |
| Lost status | Source of classification or shelving scheme | Damaged status | Not for loan | Collection code | Permanent Location | Current Location | Shelving location | Date acquired | Source of acquisition | Cost, normal purchase price | Total Checkouts | Full call number | Date last seen | Copy number | Koha item type |
|---|---|---|---|---|---|---|---|---|---|---|---|---|---|---|---|
| Dewey Decimal Classification | Not For Loan | Non-fiction | Central Library, University of Rajshahi | Central Library, University of Rajshahi | Reading Room | 24/06/2013 | Bangladesh Shilpakala Academy, Dhaka | 400.00 | B 709.2 HOQ 2003 | 21/04/2016 | C-1 | Books | |||
| Dewey Decimal Classification | Non-fiction | Central Library, University of Rajshahi | Central Library, University of Rajshahi | 24/06/2013 | Bangladesh Shilpakala Academy, Dhaka | 400.00 | B 709.2 HOQ 2003 | 21/04/2016 | C-2 | Books | |||||
| Dewey Decimal Classification | Non-fiction | Central Library, University of Rajshahi | Central Library, University of Rajshahi | 24/06/2013 | Bangladesh Shilpakala Academy, Dhaka | 400.00 | B 709.2 HOQ 2003 | 21/04/2016 | C-3 | Books |